• 首页
  • 本馆介绍
  • 公告通知
  • 最新文献
  • 馆藏检索
  • 电子资源
  • 读者导购
  • 参考咨询
  • 我的图书馆
  • 登录
  • 详细信息显示
  • 放入我的书架
  • 预约/预借图书
  • 作者相关作品
  • 分类相关作品
  • 丛书相关作品
  • 出版社相关作品

书目信息

  • 表格格式
  • 工作单格式
  • 卡片格式
题名:
报告文学简论
    
 
作者: 白润生 , 刘一沾 著
分册:  
出版信息: 北京   新华出版社  1985
页数: 148页
开本: 19cm
丛书名:
单 册:
中图分类: I055
科图分类:
主题词: 文学理论--各体 , 创作方法--各体
电子资源:
ISBN:
000 00705nam0 2200265 45
001 0185015380
005 20040428165500.0
010    @dCNY0.75
091    @a7203.132
100    @a19951101d1985 em y0chiy0121 ea
101 0  @achi
102    @aCN@b110000
105    @ay z 000yy
106    @ar
200 10 @a报告文学简论@Abao gao wen xue jian lun@f白润生,刘一沾著
210    @a北京@c新华出版社@d1985
215    @a148页@d19cm
606 0  @a文学理论@x各体
606 0  @a创作方法@x各体
690    @aI055@v3
701  0 @a白润生@4著@Abai run sheng
701  0 @a刘一沾@4著@Aliu yi zhan
801  0 @aCN@b深圳图书馆@c20040428
801  2 @aCN@bNLC@c20040428
905    @f1@b153352@f1@b153351@dI055@e53
    
    报告文学简论/白润生,刘一沾著.-北京:新华出版社,1985
    148页;19cm
    
    
    ISBN :CNY0.75
    
●
相关链接 在E读中查询图书 在五车中查询图书 在当当中查询图书 在豆瓣中查询图书


正题名:报告文学简论     索取号:I055/53         预约/预借

序号 登录号 条形码 馆藏地/架位号 状态 备注
1 0153351   000907772   密集书库/ [索取号:I055/53] 在馆    
2 0153352   000907781   第二借阅区/ [索取号:I055/53] 在馆    
3 0153353   202068706   第一样本阅览室/ [索取号:I055/53] 在馆    
唐山师范学院图书馆 欢迎您!
大连网信软件有限公司© 版权所有